Las claves del arte: últimas tendencias
Gardado en:
| Autor Principal: | |
|---|---|
| Formato: | Libro |
| Idioma: | Lingua castelá |
| Publicado: |
Barcelona
Arín
1989
|
| Series: | Las claves del arte. Serie estilos, 20
|
| Subjects: | |
| Tags: |
Engadir etiqueta
Sen Etiquetas, Sexa o primeiro en etiquetar este rexistro!
|
MARC
| LEADER | 00000nam a2200000 a 4500 | ||
|---|---|---|---|
| 001 | UCX4356 | ||
| 003 | CL-VaPUC | ||
| 008 | 920416e19890000SP |||||||||||||||||spa|d | ||
| 082 | 0 | 4 | |a 709.0407 |b GON |2 21 |
| 100 | |a González Rodríguez, Antonio Manuel |e author |9 322764 | ||
| 245 | 1 | 4 | |a Las claves del arte: últimas tendencias |
| 300 | |a 78 p | ||
| 942 | |c BK | ||
| 945 | |d 19920416 00:00:00 | ||
| 260 | |a Barcelona |b Arín |c 1989 | ||
| 650 | 0 | |a Arte moderno |y Siglo 20 |9 265274 | |
| 583 | |a last modification |c 19920416 00:00:00 |k Rodrigo Vera | ||
| 490 | 0 | |a Las claves del arte. Serie estilos, 20 | |
| 999 | |c 224839 |d 224837 | ||
| 952 | |0 0 |1 0 |4 0 |6 709_040700000000000_GON_1989 |7 0 |8 A |9 221832 |a BIBHIS |b BIBHIS |d 2019-11-15 |i 2907011 |o 709.0407 GON 1989 |p 2907011 |r 2025-01-20 |w 2019-11-15 |y BK |k HIS | ||